La macroeconomía según Keynes. Una revisión de la teoría general (Registro nro. 4299)
[ vista simple ]
| 000 -LEADER | |
|---|---|
| fixed length control field | 01761 a2200217 4500 |
| 001 - CONTROL NUMBER | |
| control field | 47158 |
| 005 - DATE AND TIME OF LATEST TRANSACTION | |
| control field | 20260407155740.0 |
| 008 - FIXED-LENGTH DATA ELEMENTS--GENERAL INFORMATION | |
| fixed length control field | 260407a1990 arg spa d |
| 003 - CONTROL NUMBER IDENTIFIER | |
| control field | AR-UNSa-BCEJYS |
| 040 ## - CATALOGING SOURCE | |
| Original cataloging agency | AR-UNSa-BCEJYS |
| Language of cataloging | spa |
| Transcribing agency | AR-UNSa-BCEJYS |
| 080 ## - UNIVERSAL DECIMAL CLASSIFICATION NUMBER | |
| Universal Decimal Classification number | 330.834 |
| Common auxiliary subdivision | Keynes y el keynesianismo. Neokeynesianismo. Poskeynesianismo |
| 020 ## - INTERNATIONAL STANDARD BOOK NUMBER | |
| International Standard Book Number | 84-206-8131-8 |
| 100 1# - MAIN ENTRY--PERSONAL NAME | |
| Personal name | Chick, Victoria |
| 245 10 - TITLE STATEMENT | |
| Title | La macroeconomía según Keynes. Una revisión de la teoría general |
| 264 #1 - PRODUCTION, PUBLICATION, DISTRIBUTION, MANUFACTURE, AND COPYRIGHT NOTICE | |
| Place of production, publication, distribution, manufacture | Madrid : |
| Name of producer, publisher, distributor, manufacturer | Alianza Editorial |
| Date of production, publication, distribution, manufacture, or copyright notice | 1990 |
| 300 ## - PHYSICAL DESCRIPTION | |
| Extent | 412 p. |
| Dimensions | 23 cm. |
| 505 ## - FORMATTED CONTENTS NOTE | |
| Formatted contents note | Parte I: Preliminares y fundamentos: 1. Keynes y la macroeconomía - 2. El método de la teoría general - 3. La estructura de agregación -- Parte II: Un modelo estático de un proceso dinámico: 4. La teoría de la producción y el empleo - 5. Los fundamentos microeconómicos de la oferta agregada - 6. Demanda agregada - 7. El mercado de trabajo: Keynes versus los clásicos - 8. Una profundización en la demanda de trabajo -- Parte III: Financiación: 9. Ahorro, Inversión, Interés y Financiación - 10. Incentivos a la liquidez - 11. La determinación del tipo de interés - 12. El sistema bancario - 13. El modelo estático: recapitulación -- Parte IV: El sistema en marcha: 14. El multiplicador - 15. Precios y producción - 16. Fluctuaciones cíclicas - 17. El dinero -- Parte V: Temas de política económica: 18. Implicaciones de política económica: política monetaria y fiscal - 19. La política económica en una perspectiva a largo plazo - 20. La relevancia de la Teoría general en la actualidad. |
| 590 ## - LOCAL NOTE (RLIN) | |
| Local note | niveau_biblio:m niveau_hierar:0 |
| 856 41 - ELECTRONIC LOCATION AND ACCESS | |
| Uniform Resource Identifier | <a href="https://www.biblioeco.unsa.edu.ar/pmb/images/libros/L127406.jpg">https://www.biblioeco.unsa.edu.ar/pmb/images/libros/L127406.jpg</a> |
| Link text | Imagen de portada |
| Electronic format type | image/jpeg |
| 942 ## - ADDED ENTRY ELEMENTS (KOHA) | |
| Koha item type | |
| Withdrawn status | Lost status | Damaged status | Not for loan | Home library | Current library | Shelving location | Date acquired | Total checkouts | Full call number | Barcode | Date last seen | Price effective from | Koha item type |
|---|---|---|---|---|---|---|---|---|---|---|---|---|---|
| Biblioteca Prof. Eusebio Cleto del Rey | Biblioteca Prof. Eusebio Cleto del Rey | 07/04/2026 | 330.834 C532 | L127406 | 07/04/2026 | 07/04/2026 | Libro |